Loading...
| Geography | 3 | 2 | 3 | 0 | 50 | 12 | 61.60 | 3 | 5 | 0.00 | 0.00 |
| Science - Biology | 1 | 2 | 0 | 1 | 35 | 46 | 78.00 | 1 | 3 | 0.00 | 0.00 |
| Social Science | 1 | 1 | 0 | 1 | 25 | 58 | 97.50 | 1 | 1 | 0.00 | 0.00 |
| History - Ancient/Other | 1 | 2 | 2 | 0 | 25 | 63 | 82.67 | 2 | 2 | 0.00 | 0.00 |
| Mythology | 0 | 2 | 1 | 0 | 15 | 91 | 117.00 | 1 | 2 | 0.00 | 0.00 |
| Current Events | 0 | 1 | 0 | 0 | 10 | 99 | 99.00 | 0 | 1 | 0.00 | 0.00 |
| History - European | 1 | 0 | 1 | 0 | 10 | 31 | 31.00 | 1 | 1 | 0.00 | 0.00 |
| Other Academic | 0 | 1 | 0 | 0 | 10 | 101 | 101.00 | 0 | 0 | 0.00 | 0.00 |
| Science - Other | 0 | 1 | 1 | 0 | 5 | 110 | 110.00 | 0 | 0 | 0.00 | 0.00 |
| Literature - European | 0 | 1 | 1 | 0 | 5 | 130 | 130.00 | 0 | 1 | 0.00 | 0.00 |
| Literature - British | 0 | 0 | 0 | 0 | 0 | 0.00 | 0 | 0 | 0.00 | 0.00 | |
| History - American | 0 | 1 | 2 | 1 | 0 | 123 | 123.00 | 0 | 1 | 0.00 | 0.00 |
| Literature - American | 0 | 0 | 1 | 0 | -5 | 0.00 | 0 | 0 | 0.00 | 0.00 | |
| Literature - World | 0 | 0 | 1 | 0 | -5 | 0.00 | 0 | 0 | 0.00 | 0.00 | |
| Religion | 0 | 1 | 4 | 0 | -10 | 99 | 99.00 | 0 | 1 | 0.00 | 0.00 |
| History - World | 0 | 0 | 2 | 0 | -10 | 0.00 | 0 | 0 | 0.00 | 0.00 |